ড. জসীম উদ্দিন আহমেদের ভাষার জন্য লড়াই ভাষা সমৃদ্ধির জন্য লড়াই / (Record no. 78333)
[ view plain ]
| 000 -LEADER | |
|---|---|
| fixed length control field | 01116nam a2200265 a 4500 |
| 001 - CONTROL NUMBER | |
| control field | 78333 |
| 003 - CONTROL NUMBER IDENTIFIER | |
| rucl marc code | BD-RjUL |
| 005 - DATE AND TIME OF LATEST TRANSACTION | |
| control field | 20211209083122.0 |
| 008 - FIXED-LENGTH DATA ELEMENTS--GENERAL INFORMATION | |
| fixed length control field | 210909s2021 bg ||||| |||| 00| 0 ben d |
| 020 ## - INTERNATIONAL STANDARD BOOK NUMBER | |
| International Standard Book Number | 9789848143568 |
| 035 ## - SYSTEM CONTROL NUMBER | |
| System control number | (BD-RjUL)78559 |
| 040 ## - CATALOGING SOURCE | |
| Original cataloging agency | BD-RjUL |
| Language of cataloging | eng |
| Transcribing agency | BD-RjUL |
| 041 ## - LANGUAGE CODE | |
| Language code of text/sound track or separate title | ben |
| 082 ## - DEWEY DECIMAL CLASSIFICATION NUMBER | |
| Edition number | 23 |
| Classification number | 306.4495492 |
| Author mark and year | AHD 2021 |
| 100 ## - MAIN ENTRY--PERSONAL NAME | |
| Personal name | আহমদ, ফোরকান |
| 9 (RLIN) | 247624 |
| 245 ## - TITLE STATEMENT | |
| Title | ড. জসীম উদ্দিন আহমেদের ভাষার জন্য লড়াই ভাষা সমৃদ্ধির জন্য লড়াই / |
| Statement of responsibility, etc. | ফোরকান আহমদ |
| 260 ## - PUBLICATION, DISTRIBUTION, ETC. (IMPRINT) | |
| Place of publication, distribution, etc. | ঢাকা : |
| Name of publisher, distributor, etc. | পালক পাবলিশার্স, |
| Date of publication, distribution, etc. | ২০২১ |
| 300 ## - PHYSICAL DESCRIPTION | |
| Pagination | ৫০৪ পৃ.: |
| Illustrations | চিত্রসমূহ; |
| Size | ২৩ সেমি. |
| 600 ## - SUBJECT ADDED ENTRY--PERSONAL NAME | |
| Personal name | আহমদ, জসীম উদ্দিন |
| General subdivision | জীবনী |
| 650 ## - SUBJECT ADDED ENTRY--TOPICAL TERM | |
| Topical term or geographic name as entry element | বাংলা ভাষা আন্দোলন |
| 9 (RLIN) | 247626 |
| Topical term or geographic name as entry element | Bengali language movement |
| 9 (RLIN) | 247627 |
| Topical term or geographic name as entry element | বিজ্ঞানী |
| 9 (RLIN) | 247628 |
| Topical term or geographic name as entry element | Scientist |
| 9 (RLIN) | 247629 |
| 942 ## - ADDED ENTRY ELEMENTS (KOHA) | |
| Source of classification or shelving scheme | Dewey Decimal Classification |
| Koha item type | Books |
| Lost status | Source of classification or shelving scheme | Damaged status | Not for loan | Collection code | Permanent Location | Current Location | Shelving location | Date acquired | Source of acquisition | Cost, normal purchase price | Full call number | Date last seen | Copy number | Koha item type |
|---|---|---|---|---|---|---|---|---|---|---|---|---|---|---|
| Dewey Decimal Classification | Not For Loan | Non-fiction | Central Library, University of Rajshahi | Central Library, University of Rajshahi | Reading Room | 12/08/2021 | Author | 750.00 | B 306.4495492 AHD 2021 | 09/09/2021 | C-1 | Books |